01843 a2200205 45000010006000000050017000060080041000230030015000640400040000790800033001192450057001520200018002092640051002273000019002785051168002971000025014657000025014907000023015158560099015384710620260407155739.0260407a1992 arg spa dAR-UNSa-BCEJYS aAR-UNSa-BCEJYSbspacAR-UNSa-BCEJYS a330.101.541xMacroeconomía10aMacroeconomía del populismo en la América Latina a968-16-3917-0 1aMéxico :bFondo de Cultura Económicac1992 a458 p.c22 cm. aPrimera Parte : MARCO TÉORICO : 1. La macroeconomía del populismo / Rudiger Dornbusch y Sebastián Edwards - 2. La economía política del populismo latinoamericano / Robert R. Kaufman y Bárbara Stallings - 3. El populismo, el despilfarro y la redistribución / Eliana Cardoso y Ann Helwege -- Segunda Parte : EXPERIENCIA DE ALGUNOS PAÍSES : 4. Descripción de una experiencia populista : Argentina, 1973-1976 / Federico A. Sturzenegger - 5. ¿Qué han aprendido los populistas de la hiperinflación? / Roque B. Fernández - 6. Sesenta años de populismo en el Brasil / Paulo Rabello de Castro y Marcio Ronci - 7. La experiencia socialista-populista chilena: 1970-1973 / Felipe Larraín y Patricio Meller - 8. El populismo y la política económica de México, 1970-1982 / Carlos Bazdresch y Santiago Levy - 9. La ilusión de una distribución por medio de la política macroeconómica : La experiencia heterodoxa del Perú (1985-1990) / Ricardo Lago - 10. Colapso y estabilización (incompleta) de la economía nicaragüense / José Antonio Ocampo - 11. Acerca de la ausencia de populismo económico en Colombia / Miguel Urrutia. 1 aSuárez, Eduardo L.1 aEdwards, Sebastián1 aDornbusch, Rudiger41uhttps://www.biblioeco.unsa.edu.ar/pmb/images/libros/L127391.jpgyImagen de portadaqimage/jpeg